| 000 | 00481nam a22001577a 4500 | ||
|---|---|---|---|
| 999 |
_c117232 _d117232 |
||
| 005 | 20200229112308.0 | ||
| 008 | 200229b ||||| |||| 00| 0 eng d | ||
| 020 | _a9780170350952 | ||
| 040 | _cPK-LaUMT | ||
| 082 |
_a610.730994 _bTOL-C |
||
| 100 | _aTollefson, Joanne | ||
| 245 |
_aClinical psychomotor skills assessment tools for nujrses / _cby Joanne Tollefson and Elspeth Hillman |
||
| 260 |
_aAlbany : _bCengage Learning Australia, _c2016 |
||
| 300 | _a427 p. | ||
| 942 | _cBK | ||